| 000 | 00944nam a22002177a 4500 | ||
|---|---|---|---|
| 003 | OSt | ||
| 005 | 20260122192135.0 | ||
| 008 | 230226b ||||| |||| 00| 0 eng d | ||
| 040 | _cOst | ||
| 041 | _ashan | ||
| 082 | _a959.195919 ၸိူဝ်ႉ | ||
| 100 |
_aၸိူဝ်ႉလၢၼ်ႉၸဝ်ႈ _920668 |
||
| 245 |
_aပိုၼ်းတႆးမိူဝ်ႈမိုၼ်ႉၵွၼ်ႇ _cၸိူဝ်ႉလၢၼ်ႉၸဝ်ႈ |
||
| 260 |
_a[ဝဵင်း] _b[တီႈ] _c1998 |
||
| 300 |
_aယ၊ 103 ၼႃႈ _bႁၢင်ႈၽႅၼ်ႇလိၼ်၊ ႁၢင်ႈ _c18 ၸိၼ်ႇထီႇ |
||
| 500 | _aS-SAT: Dr. Prof Sai Aung Tun | ||
| 500 | _aပဵၼ်ပပ်ႉၸဝ်ႈတႃႇၼႁၢင်ၶေႃ ၶွင်တွၵ်ႉတိူဝ်ႇၸၢႆးဢွင်ႇထုၼ်း | ||
| 650 |
_aပိုၼ်းတႆး _920580 |
||
| 942 | _cBK1 | ||
| 942 | _2ddc | ||
| 999 |
_c22488 _d22488 |
||